<?xml version="1.0" encoding="UTF-8"?>
<record
    xmlns:xsi="http://www.w3.org/2001/XMLSchema-instance"
    xsi:schemaLocation="http://www.loc.gov/MARC21/slim http://www.loc.gov/standards/marcxml/schema/MARC21slim.xsd"
    xmlns="http://www.loc.gov/MARC21/slim">

  <leader>03263nam a22002297a 4500</leader>
  <controlfield tag="008">250516b        |||||||| |||| 00| 0 eng d</controlfield>
  <datafield tag="020" ind1=" " ind2=" ">
    <subfield code="a">9788411071574</subfield>
  </datafield>
  <datafield tag="040" ind1=" " ind2=" ">
    <subfield code="c">tbs</subfield>
  </datafield>
  <datafield tag="041" ind1=" " ind2=" ">
    <subfield code="a">spa</subfield>
  </datafield>
  <datafield tag="041" ind1=" " ind2=" ">
    <subfield code="h">eng</subfield>
  </datafield>
  <datafield tag="050" ind1=" " ind2=" ">
    <subfield code="a">QP81.5 </subfield>
    <subfield code="b">.W33 2022</subfield>
  </datafield>
  <datafield tag="100" ind1=" " ind2=" ">
    <subfield code="a">Waal, F. B. M. de</subfield>
    <subfield code="q">Frans B. M.</subfield>
    <subfield code="d">1948-</subfield>
    <subfield code="9">25249</subfield>
    <subfield code="e">author,</subfield>
    <subfield code="e">illustrator</subfield>
  </datafield>
  <datafield tag="245" ind1=" " ind2=" ">
    <subfield code="a">Diferentes</subfield>
    <subfield code="b">: lo que los primates nos ense&#xF1;an sobre el g&#xE9;nero</subfield>
    <subfield code="c">/ Frans de Waal with drawings and photographs by the author ; translated by Ambrosio Garc&#xF3;a Leal.</subfield>
  </datafield>
  <datafield tag="260" ind1=" " ind2=" ">
    <subfield code="a">Barcelona :</subfield>
    <subfield code="b">Tusquets Editores,</subfield>
    <subfield code="c">2022.</subfield>
  </datafield>
  <datafield tag="300" ind1=" " ind2=" ">
    <subfield code="a">440 pages : 12 unnumbered pages of plates :</subfield>
    <subfield code="b">illustrations (black and white) ; </subfield>
    <subfield code="c">25 cm.</subfield>
  </datafield>
  <datafield tag="520" ind1=" " ind2=" ">
    <subfield code="a">Lo que el reino animal nos ense&#xF1;a sobre el sexo, el g&#xE9;nero y las relaciones humanas
El gran estudioso de los primates Frans de Waal aborda enDiferentes la actual y debatida prevalencia del g&#xE9;nero (la divisi&#xF3;n cultural entre lo masculino y lo femenino) sobre el sexo (la divisi&#xF3;n biol&#xF3;gica entre machos y hembras). Explora tambi&#xE9;n los condicionantes tanto gen&#xE9;ticos como culturales que subyacen a la conducta humana y a las diferencias respecto a la agresividad, la cooperaci&#xF3;n o la competencia entre machos y hembras de chimpanc&#xE9;s y bonobos, y su reflejo en las relaciones de hombres y mujeres. Rebatiendo las teor&#xED;as que postulan que toda conducta viene dictada por la herencia gen&#xE9;tica, el autor subraya lo que monos y primates pueden ense&#xF1;arnos acerca de la identidad y la actividad sexual. Es hora de abandonar mitos como el de la mayor impulsividad sexual masculina frente a la femenina o los referidos a la homosexualidad (presente en m&#xE1;s de cuatrocientas especies animales) o el mundo trans (una condici&#xF3;n que tambi&#xE9;n existe en el reino animal). De Waal ilustra sus a menudo pol&#xE9;micos argumentos con deliciosas historias an&#xE9;cdotas sobre los animales que ha estudiado a lo largo de su dilatada carrera.</subfield>
  </datafield>
  <datafield tag="520" ind1=" " ind2=" ">
    <subfield code="a">What the Animal Kingdom Teaches Us About Sex, Gender, and Human Relationships

Renowned primatologist Frans de Waal explores in Different the current and hotly debated prominence of gender (the cultural distinction between masculine and feminine) over sex (the biological distinction between male and female). He also examines the genetic and cultural factors that underlie human behavior and the differences in aggression, cooperation, and competition between male and female chimpanzees and bonobos&#x2014;and how these are reflected in the relationships between men and women.

Challenging theories that claim all behavior is dictated by genetic inheritance, de Waal emphasizes what monkeys and other primates can teach us about identity and sexual behavior. It&#x2019;s time to move past myths such as men being inherently more sexually impulsive than women, or misconceptions about homosexuality (which exists in over four hundred animal species) and the trans experience (a condition also found in the animal kingdom).

De Waal supports his often provocative arguments with charming stories and anecdotes drawn from the animals he has studied throughout his long and distinguished career.</subfield>
  </datafield>
  <datafield tag="650" ind1=" " ind2="0">
    <subfield code="a">Sex differences</subfield>
    <subfield code="9">7349</subfield>
  </datafield>
  <datafield tag="650" ind1=" " ind2="0">
    <subfield code="a">Sexual dimorphism (Animals)</subfield>
    <subfield code="9">25250</subfield>
  </datafield>
  <datafield tag="650" ind1=" " ind2="0">
    <subfield code="a">Sexual behavior in animals</subfield>
    <subfield code="9">25251</subfield>
  </datafield>
  <datafield tag="942" ind1=" " ind2=" ">
    <subfield code="2">lcc</subfield>
  </datafield>
  <datafield tag="952" ind1=" " ind2=" ">
    <subfield code="0">0</subfield>
    <subfield code="1">0</subfield>
    <subfield code="2">lcc</subfield>
    <subfield code="4">0</subfield>
    <subfield code="7">0</subfield>
    <subfield code="a">TBS</subfield>
    <subfield code="b">TBS</subfield>
    <subfield code="d">2025-05-16</subfield>
    <subfield code="l">0</subfield>
    <subfield code="o">QP81.5 WAA</subfield>
    <subfield code="p">B05770</subfield>
    <subfield code="r">2025-05-16</subfield>
    <subfield code="t">1</subfield>
    <subfield code="w">2025-05-16</subfield>
    <subfield code="y">1</subfield>
  </datafield>
  <datafield tag="999" ind1=" " ind2=" ">
    <subfield code="c">4672</subfield>
    <subfield code="d">4672</subfield>
  </datafield>
</record>
